| 000 | 00764cam a22002291 4500 | ||
|---|---|---|---|
| 001 | he 68002302 | ||
| 003 | DLC | ||
| 005 | 20260227111501.0 | ||
| 008 | 860131s1968 is 000 0 hebr | ||
| 010 | _ahe 68002302 | ||
| 035 | _a(OCoLC)13091799 | ||
| 040 |
_aDLC _cCoDU _dCoDU _dDLC |
||
| 050 | 0 | 0 |
_aDS119.8.F8 _bT7 |
| 100 | 1 |
_aTsur, Jacob, _d1906- |
|
| 245 | 1 | 0 |
_aYoman Paris: _bha-maʻarakhah ha-diplomaṭit be-Tsarfat, 1953-1956 / _c[me-et] Yaʻaḳov Tsur. |
| 260 |
_a[Tel Aviv] _bʻAm ʻoved, _c[1968] |
||
| 300 |
_a316 p. _c22 cm. |
||
| 500 | _aAdded t. p.: An ambassador's diary in Paris, 1953-1956. | ||
| 651 | 0 |
_aIsrael _xForeign relations _zFrance. |
|
| 651 | 0 |
_aFrance _xForeign relations _zIsrael. |
|
| 740 | 0 | 2 | _aAmbassador's diary in Paris, 1953-1956. |
| 999 |
_c33551 _d33551 |
||